[Jujutsu Kaisen] Membres du clan Zenin - Statistiques

Statistiques générales
  • Ce quiz a été pris 135 fois
  • Le résultat moyen est 7 sur 11
Statistiques - réponses
Par images Réponse % Correct
Maki Zenin
100%
Megumi Fushiguro
100%
Toji Fushiguro
99%
Mai Zenin
96%
Naoya Zenin
88%
Naobito Zenin
74%
Ogi Zenin
37%
Jinichi Zenin
36%
Ranta Zenin
36%
Chojuro Zenin
14%
Nobuaki Zenin
7%
Aucun quiz correspondant
Distribution des résultats
% des personnes avec chaque résultat
Percentile par nombre de réponses
Votre historique - résultats
Vous n’avez pas pris ce quiz